Music Quiz

Random Music or Lyrics Quiz
Score 0/249 Timer 09:00
0 Plays Today
% Correct
the
98.2%
a
98.2%
The
98.2%
the
98.2%
the
98.2%
the
98.2%
the
98.2%
and
98.2%
a
98.2%
the
98.2%
The
98.2%
the
98.2%
the
98.2%
the
98.2%
and
98.2%
and
98.2%
the
98.2%
The
98.2%
the
98.2%
a
98.2%
The
98.2%
the
98.2%
the
98.2%
and
98.2%
the
98.2%
The
98.2%
a
98.2%
a
98.2%
the
98.2%
the
98.2%
the
98.2%
the
98.2%
and
98.2%
and
98.2%
the
98.2%
The
98.2%
The
98.2%
the
98.2%
a
98.2%
The
98.2%
the
98.2%
the
98.2%
and
98.2%
the
98.2%
and
98.2%
the
98.2%
the
98.2%
the
98.2%
I
89%
I
89%
I
89%
I
89%
an
79.3%
an
79.3%
me
78%
me
78%
me
78%
me
78%
me
78%
me
78%
me
78%
for
77.4%
for
77.4%
for
77.4%
of
76.8%
of
76.8%
of
76.8%
of
76.8%
of
76.8%
of
76.8%
of
76.8%
of
76.8%
In
76.2%
In
76.2%
In
76.2%
to
75%
to
75%
to
75%
to
75%
to
75%
to
75%
to
75%
my
71.3%
% Correct
my
71.3%
my
71.3%
my
71.3%
my
71.3%
my
71.3%
on
69.5%
on
69.5%
Elvenpath
68.3%
Elvenpath
68.3%
Elvenpath
68.3%
Elvenpath
68.3%
Elvenpath
68.3%
forest
67.7%
forest
67.7%
forest
67.7%
night
65.9%
night,
65.9%
night,
65.9%
by
65.2%
by
65.2%
by
65.2%
by
65.2%
as
63.4%
path
63.4%
path
63.4%
as
63.4%
path
63.4%
path
63.4%
as
63.4%
path
63.4%
As
63.4%
as
63.4%
Beauty
62.2%
Beauty
62.2%
Beast
61.6%
Beast,
61.6%
her
61%
under
60.4%
where
59.8%
where
59.8%
where
59.8%
where
59.8%
It's
59.1%
It's
59.1%
calling
58.5%
Calling
58.5%
moon,
57.9%
shade
57.3%
is
56.7%
bare
56.7%
feet...
56.7%
stand
55.5%
met
55.5%
met
55.5%
stand
55.5%
met
55.5%
swords
54.3%
swords
54.3%
honesty
53.7%
magic
53.7%
mighty
53.7%
honesty
53.7%
magic
53.7%
mighty
53.7%
wolf,
53%
hero
53%
these
53%
hero
53%
these
53%
from
52.4%
deepest
52.4%
silence
52.4%
Ruled
52.4%
him
52.4%
Bilbo,
52.4%
Ruled
52.4%
from
52.4%
sheltering
51.8%
Ruler
51.8%
warm
50.6%
music
50%
howling
50%
sirens
49.4%
% Correct
lands
49.4%
keep
49.4%
sauna
49.4%
lands
49.4%
this
49.4%
this
49.4%
only
48.8%
long
48.8%
long
48.8%
soul
48.2%
Told
48.2%
forever
48.2%
soul
48.2%
calming
47.6%
full
47.6%
way
47.6%
way
47.6%
king
47%
That
47%
that
47%
Tapio,
45.7%
ill
45.7%
words
45.7%
took
45.7%
ride
45.7%
words
45.7%
Hearing
45.1%
Bear
45.1%
let
45.1%
past,
45.1%
broomstick
45.1%
past,
45.1%
friend
44.5%
Songs
43.3%
Healer
43.3%
makes
43.3%
old
43.3%
makes
43.3%
Accompanied
42.7%
Open
42.7%
Introduced
42.7%
sad
42.1%
home
42.1%
goes
42.1%
follow
41.5%
moonwitch
41.5%
gnome
41.5%
gate
40.9%
fantasies
40.9%
seduction
40.2%
At
40.2%
world's
40.2%
world's
40.2%
Bluecloak
39%
pixies
39%
return
38.4%
hand
38.4%
woods
38.4%
goblins,
37.2%
Neverland
37.2%
Willow,
36.6%
dwarves
36.6%
takes
36.6%
carry
36.6%
elf folk
36%
room,
36%
seven
35.4%
Elvish
35.4%
sight
35.4%
Elvish
35.4%
sight
35.4%
Snowman,
34.8%
trolls,
34.8%
sleep
34.8%
Mielikki
34.1%
spellbound
33.5%
spellbound
33.5%
grove,
32.9%
rest,
32.9%
Sparhawk,
32.9%
folk
32.3%
uncarven
29.9%
Madrigals
29.9%

You're not logged in!

Compare scores with friends on all Sporcle quizzes.
OR
Log In

Sporcle TV

Today on Sporcle TV


Watch our educational content, quiz creation guides, and fun videos on Sporcle TV.

Show Comments

Extras

Top Quizzes Today


Score Distribution

Paid Content

Your Account Isn't Verified!

In order to create a playlist on Sporcle, you need to verify the email address you used during registration. Go to your Sporcle Settings to finish the process.

Report this User

Report this user for behavior that violates our Community Guidelines.

Details: